LIBRARY & INFORMATION CENTRE, KCAET, TAVANUR

ONLINE PUBLIC ACCESS CATALOGUE (OPAC)

production design and manufacturing / (Record no. 12369)

MARC details
000 -LEADER
fixed length control field 00491cam a2200181ua 4500
020 ## - INTERNATIONAL STANDARD BOOK NUMBER
ISBN 9788120326361
041 ## - LANGUAGE CODE
Language code of text/sound track or separate title eng
082 ## - DEWEY DECIMAL CLASSIFICATION NUMBER
Classification number 658.5752
Item number CHI/PRI
100 ## - MAIN ENTRY--AUTHOR NAME
Personal name A.K Chitale, R.C.Gupta .
245 ## - TITLE STATEMENT
Title production design and manufacturing /
250 ## - EDITION STATEMENT
Edition statement 3 /
260 ## - PUBLICATION, DISTRIBUTION, ETC. (IMPRINT)
Place of publication New Jersey :
Name of publisher Prentice Hall Inc ,
Year of publication 2005.
300 ## - PHYSICAL DESCRIPTION
Number of Pages 436 ; .
942 ## - ADDED ENTRY ELEMENTS (KOHA)
Koha item type Books
Holdings
Withdrawn status Lost status Damaged status Home library Current library Date acquired Full call number Accession Number Koha item type
      KAUAET KAUAET 07/04/2012 658.5752 CHI/PR 20981 Books
free website counter